000 01298nam a22003257i 4500
003 DO-SdBNP
005 20260420094329.0
007 ta
008 210909b2016 dr ||||| |||| 00| 0 spa d
020 _a9789945802733
040 _aDO-SdBNP
_bspa
_cBNPHU
_erda
082 4 _222
_a347.013
_bR457L
100 1 _aReyes Cerda, Nelson,
_910169
_d1940-
245 1 3 _aLa ilegalidad :
_bde los jueces de la Suprema Corte de Justicia, del presidente y demás miembros de la Junta Central Electoral, de los jueces del Tribunal Superior Electoral, de los jueces del Tribunal Constitucional /
_cNelson Reyes Cerda ; coordinación, Leónidas Ramírez
264 _aSanto Domingo :
_bFundación Educación Constitucional,
_c2016.
300 _a247 páginas ;
_c23 cm.
336 _2rdacontent
_atexto
_btxt
337 _2rdamedia
_asin mediación
_bn
338 _2rdacarrier
_avolumen
_bnc
490 _aEstudio de derecho constitucional
590 _aInventariado, 2021 /LP
650 4 _aIlegalidad
_981029
650 0 _aPoder judicial
_9556
650 0 _aActos jurídicos
_940216
650 0 _aDerecho constitucional
_910314
650 0 _aDerecho penal
_917405
700 1 _aRamírez, Leónidas,
_ecoordinador
_981287
910 _aLopérez. Validado. Control de calidad MFF
942 _2ddc
_cLBS1
999 _c50447
_d50447